9. Personaggi della prima guerra mondiale dall'immagine - Statistics

Statistiche generali
  • Questo quiz è stato fatto 73 volte
  • Il punteggio medio è 10 su 28
Statistiche sulle risposte
con Immagini Risposta % Corretto
Gabriele d'Annunzio
90%
Vladimir Lenin
90%
Francesco Ferdinando d'Asburgo
86%
Gavrilo Princip
72%
Vittorio Emanuele III di Savoia
67%
Luigi Cadorna
66%
Nicola II di Russia
64%
Armando Diaz
59%
Francesco Giuseppe d'Austria-Ungheria
53%
Thomas Woodrow Wilson
47%
Guglielmo II di Germania
43%
Giorgio V del Regno Unito
38%
Mustafa Kemal "Ataturk"
24%
Antonio Salandra
22%
Francesco Baracca
22%
Philippe Pétain
22%
Vittorio Emanuele Orlando
22%
Manfred von Richtofen
17%
Erich Ludendorff
14%
Mata Hari
14%
David Lloyd George
12%
Paul von Hindenburg
12%
Ferdinand Foch
10%
Alberto I del Belgio
9%
Enver Pasha
7%
Raymond Poincaré
5%
Horatio H. Kitchener
3%
Eleutherios Venizelos
2%
Nessun quiz corrispondente trovato
Distribuzione punteggi
Percentuale di utenti per punteggio
Percentile per numero di risposta
I tuoi punteggi nel tempo
Non hai fatto questo quiz